000
00315nam a2200121Ia 4500
008
220204s9999 xx 000 0 und d
082
_a
631.459:631.61(540)
_b
RAM
100
_a
RAMA RAO, M S V
245
0
_a
Soil conservation in India
260
_a
New Delhi
_b
ICAR
_c
1962
650
_a
Soil conservation
942
_c
BK
999
_c
19280
_d
19280